| 000 | 00570nam a2200169 a 4500 | ||
|---|---|---|---|
| 001 | 4207 | ||
| 003 | CDMR | ||
| 005 | 20131107171102.0 | ||
| 008 | 130130s1978||||||||||||||||||||||||||||d | ||
| 040 |
_aCDMR _bcat _cCDMR |
||
| 245 | 0 |
_aCincuenta años de Prensa Técnica _b: pasado, presente y futuro de la Prensa Técnica Española |
|
| 260 |
_aBarcelona _c1978 _bAsociación Española de la Prensa Técnica |
||
| 300 | _a132 p. | ||
| 610 | 2 |
_94293 _aAsociación Española de la Prensa Técnica |
|
| 710 | 2 |
_94293 _aAsociación Española de la Prensa Técnica |
|
| 942 |
_cMON _2udc |
||
| 999 |
_c4207 _d4207 |
||